Seriál : O behaviorálnyh financiách

Pokračovanie príspevku z predchádzajúceho čísla. Teória maximalizácie očakávaného úžitku. Efekt izolácie (isolation effect). Efekt odrazu (reflection effect). Ilustračné príklady.

Saved in:
Bibliographic Details
Main Author: Pilch, Ctibor, 1957-
Format: Book Chapter
Language:Slovak
Subjects:
Tags: Add Tag
No Tags, Be the first to tag this record!

MARC

LEADER 00000nla$a2200000$$$4500
001 0148722
005 20240502072656.5
041 0 |a slo 
044 |a SK 
245 1 0 |a Seriál : O behaviorálnyh financiách  |c Ctibor Pilch 
520 |a Pokračovanie príspevku z predchádzajúceho čísla. Teória maximalizácie očakávaného úžitku. Efekt izolácie (isolation effect). Efekt odrazu (reflection effect). Ilustračné príklady. 
610 2 0 |a trh finančný 
610 2 0 |a pravdepodobnosť 
610 2 0 |a behaviorizmus 
610 2 0 |a metódy matematické 
610 2 0 |a oceňovanie 
100 1 |a Pilch, Ctibor, 1957-